Networks in telecommunications economics and law (Registro nro. 38393)
[ vista simple ]
| 000 -ENCABEZADO | |
|---|---|
| Número de control [NR] | 01588nam a2200253Ia 4500 |
| 008 - DE LONGITUD FIJA DE DATOS DE ELEMENTOS - INFORMACIÓN GENERAL | |
| Elementos de longitud fija [NR] | 130821s2009 xxu gr eng |
| 020 ## - NUMERO INTERNACIONAL NORMALIZADO PARA LIBROS [R] | |
| Número Internacional Normalizado del libro [NR] | 9780521673860 |
| 020 ## - NUMERO INTERNACIONAL NORMALIZADO PARA LIBROS [R] | |
| Número Internacional Normalizado del libro [NR] | 9780521857109 |
| 040 ## - FUENTE DE CATALOGACION [NR] | |
| Agencia de catalogación original [NR] | Co-BoUCM |
| Idioma de catalogación [NR] | spa |
| 041 00 - CODIGO DE IDIOMA [R] | |
| Código de idioma para texto/pista de sonido o título separado [R] | Inglés |
| 100 1# - ASIENTO PRINCIPAL--NOMBRE PERSONAL [NR] | |
| Nombre personal [NR] | Spulber, Daniel F. |
| 245 10 - MENCION DE TITULO [NR] | |
| Título [NR] | Networks in telecommunications economics and law |
| Mención de responsabilidad, etc. [NR] | Daniel F. Spulber, Christopher S. Yoo |
| 260 ## - PUBLICACION, DISTRIBUCION, ETC. (PIE DE IMPRENTA) [R] | |
| Lugar de publicación, distribución, etc. [R] | Nueva York (Estados Unidos) |
| Nombre del editor, distribuidor, etc. [R] | Cambridge University Press |
| Fecha de publicación, distribución, etc. [R] | 2009 |
| 300 ## - DESCRIPCION FISICA [R] | |
| Extensión [R] | xvi, 493 páginas |
| 504 ## - NOTA DE BIBLIOGRAFIA, ETC. [R] | |
| Nota de bibliografía, etc. [NR] | |
| 505 0# - NOTA DE CONTENIDO CON FORMATO PREESTABLECIDO [R] | |
| Nota de contenido con formato preestablecido [NR] | The economics of networks. -- The structure and functions of networks. -- The design and costs of networks. -- Pricing network services. -- The regulation of networks. -- Network regulation basics. -- Economic effects of regulating access to networks. -- Pricing of access to networks. -- Constitutional limits on the pricing of access to networks. -- Policy applications. -- The regulation of local telephone networks. -- Antitrust as applied to network industries. -- The regulation of last-mile broadband networks. -- The regulation of broadband networks and the internet : network. -- Neutrality versus network diversity. -- The regulation of broadband networks and the internet : network. -- Neutrality versus network capacity. |
| 650 04 - ASIENTO SECUNDARIO DE MATERIA - TERMINO TEMATICO [R] | |
| Término temático o nombre geográfico como elemento de entrada [NR] | Comercio |
| 9 (RLIN) | 11192 |
| 650 04 - ASIENTO SECUNDARIO DE MATERIA - TERMINO TEMATICO [R] | |
| Término temático o nombre geográfico como elemento de entrada [NR] | Redes de información |
| 9 (RLIN) | 23243 |
| 650 04 - ASIENTO SECUNDARIO DE MATERIA - TERMINO TEMATICO [R] | |
| Término temático o nombre geográfico como elemento de entrada [NR] | Redes de telecomunicaciones |
| 9 (RLIN) | 23245 |
| 650 04 - ASIENTO SECUNDARIO DE MATERIA - TERMINO TEMATICO [R] | |
| Término temático o nombre geográfico como elemento de entrada [NR] | Telecomunicaciones |
| 9 (RLIN) | 25168 |
| 700 1# - ASIENTO SECUNDARIO - NOMBRE PERSONAL [R] | |
| Nombre personal [NR] | Yoo, Christopher S. |
| 942 ## - ELEMENTOS DE ENTRADA AGREGADOS (KOHA) | |
| Tema principal | Economía |
| Edición | 1 |
| Prefijo de la signatura top. (colección) | Colección - Referencia |
| Parte restante de la signatura top. | S772n |
| Tipo de ítem principal el descrito en 300a | Libro de referencia |
| Sistema de clasificación | DEWEY |
| Clasificación | 384 |
| Fecha de último préstamo | Total préstamos | Signatura topográfica | Código de barras | Última vez visto | Ejemplar | Price effective from | Tipo de ítem | Perdido | Sistema de clasificación | Dañado | No prestable | Tipo de ítem específico | Suprimido | Ubicación habitual | Ubicación actual | Localización | Fecha de creación | Forma de adquisición | Costo | Total Renewals |
|---|---|---|---|---|---|---|---|---|---|---|---|---|---|---|---|---|---|---|---|---|
| 10/09/2012 | R 384 S772n | 100126826 | 05/12/2025 | Ej.1 | 03/02/2013 | Libro | DEWEY | Libro | Claustro | Claustro | Mezanine | 28/02/2013 | Compra | 98600.00 | ||||||
| 17/07/2015 | 6 | 384 S772n | 100126914 | 05/12/2025 | Ej.2 | 03/02/2013 | Libro | DEWEY | Libro | Claustro | Claustro | Mezanine | 28/02/2013 | Compra | 102000.00 | 6 |